000 00739cam a2200193 a 4500
001 12626800
005 20250506115425.0
008 011221s2001 enka 001 0 eng
020 _a0749436204
050 0 0 _aHD30.4
_b.F44 2001
100 1 _aFee, Kenneth.
245 1 2 _aA guide to management development techniques :
_bwhat to use when /
_cKenneth Fee.
260 _aLondon :
_bKogan Page,
_c2001.
300 _axiii, 178 p. :
_bill. ;
_c24 cm.
650 0 _aExecutives
_xTraining of
_vCase studies.
856 4 2 _3Publisher description
_uhttp://www.loc.gov/catdir/enhancements/fy0715/2001279227-d.html
856 4 2 _3Contributor biographical information
_uhttp://www.loc.gov/catdir/enhancements/fy0903/2001279227-b.html
942 _2lcc
_cBK
_n0
999 _c5668
_d5668